000 00731nam a2200229Ii 4500
003 JO-AjNU
008 230605s9999||||xx |||||||||||||| ||und||
017 _a2004/12/2858
020 _a9957-11-515-4
040 _aJO-AjNU
_bara
_erda
_cJO-AjNU
041 _aara
050 1 4 _aJZ1436.K42.2005
100 3 _a خليف ، سلطان احمد ,
_eauthor
_929272
245 0 0 _aإدارة المراسم " أطر مفاهيمية "
250 _aط1
264 3 1 _aعمان : دار وائل ، 2005
300 _a126ص
336 _atext
_btxt
_2rdacontent
337 _aunmediated
_bn
_2rdamedia
338 _avolume
_bnc
_2rdacarrier
650 4 _aالدبلوماسية -- قواعد السلوك الدبلوماسي
_929273
999 _aA11458
_c15026
_d15026